000 01331cad a22002175a 4500
001 L158660
008 070517e20130508xxk f 000 0 eng d
035 _a(Sirsi) u158660
041 0 _aeng
110 2 _aRoyal Institution of Chartered Surveyors
_94900
245 0 0 _aRules of conduct for members
_h[old edition]
260 _aLondon
_bRICS
_c2013
490 0 _aRICS Rules of Conduct
520 _aEffective from 1 January 2013 (4 June 2007 version 6). These Rules of Conduct for Members of RICS are made by the Regulatory Board of the RICS under Article 18 of the Supplemental Charter 1973 and Bye-Law 5 of RICS Bye-Laws. Version 4 of these rules shall apply from 1 January 2011. Covers matters which members are personally responsible for within their professional lives. Applies equally to all members throughout the world. Aims to encompass RICS' regulatory goals: proportionality, accountability, consistency, targeting and transparency.
650 2 4 _aRICS MEMBERSHIP
650 2 4 _aRICS RULES OF CONDUCT
651 4 _aInternational
690 _aABOUT RICS-RICS PROFESSIONAL REGULATION AND CONSUMER PROTECTION-RICS RULES OF CONDUCT
856 4 8 _uhttps://www.rics.org/profession-standards/knowledge-and-information-services/document-delivery-and-other-kis-fees
_zemail [email protected] for a copy
942 _n0
_2ddc
999 _c115439
_d115439